| 000 | 01531nam a22003857a 4500 | ||
|---|---|---|---|
| 003 | CHAP | ||
| 005 | 20220329143747.0 | ||
| 008 | 190711s2011 mx r 00010 spa d | ||
| 010 | _a101545 | ||
| 011 | _a102517 | ||
| 035 | _a113206 | ||
| 040 | _cCHAP | ||
| 090 | _aTesis | ||
| 100 | 1 |
_aPérez castro, Pascacio. _989572 |
|
| 245 | 1 | 0 |
_aDiseño de un dispositivo para la actuación del sistema de aceleración de una aeronave _h[En línea] _c/por Pascacio Pérez Castro |
| 260 |
_aChapingo, Méx. : _bEl autor, _c2011 |
||
| 500 | _aPara ver el contenido del material haga clic en la liga | ||
| 502 | _aTesis (Ing. Mecánico Agrícola) UACH. Departamento de Ingeniería Mecánica Agrícola | ||
| 590 |
_aALEPH _b10 _c20130110 _lUCH01 _h1541 |
||
| 590 |
_aBATCH-UPD _b10 _c20130110 _lUCH01 _h1231 |
||
| 590 |
_aBATCH-UPD _b10 _c20130410 _lUCH01 _h0801 |
||
| 590 |
_aBATCH-UPD _b10 _c20130913 _lUCH01 _h1958 |
||
| 590 |
_aBATCH-UPD _b10 _c20140324 _lUCH01 _h1526 |
||
| 590 |
_aBATCH-UPD _b10 _c20141002 _lUCH01 _h0849 |
||
| 590 |
_aCONVERSION _b10 _c20130109 _lUCH01 _h1356 |
||
| 650 | 1 | 4 |
_aAeronaves. _91014 |
| 650 | 1 | 4 |
_aControl automático. _927578 |
| 650 | 1 | 4 |
_aDiseño de sistemas. _932729 |
| 650 | 1 | 4 |
_aIngeniería mecánica _xInstrumentos de medida. _958263 |
| 856 |
_3Finding aid _uhttp://10.13.5.2/tesis/113206.pdf _zTeclea aqui |
||
| 901 | _aBK | ||
| 942 | _cFOLL | ||
| 949 |
_aTesis _bBC _cTES _d33724002250272 _eTS1 _gDonaciØn _h52400 _i113206 _st |
||
| 949 |
_aTesis _bBC _cTES _d33724002250314 _eTS2 _fc.2 _gDonaciØn _h52401 _i113206 _st |
||
| 999 |
_c101545 _d101545 |
||